000 01111cam a22003131 4500
001 5076
003 BD-RjUL
005 20211208234014.0
008 131224s1963 enka b f001 0 eng
035 _a(BD-RjUL)5112
035 _a(OCoLC)1141622
040 _aDLC
_cOAkU
_dOCoLC
_dDLC
_dBD-RjUL
_beng
041 _aeng
082 _a364.32
_bHAP
100 1 _aHammond, W. H.
_915979
245 1 0 _aPersistent criminals :
_ba study of all offenders liable to preventive detention in 1956 /
_cby W. H. Hammond and Edna Chayen.
260 _aLondon :
_bH.M. Stationery Off.,
_cc1963.
300 _aix, 237 p. :
_bdiagrs., tables.
_c25 cm.
500 _a"A Home Office Research Unit report."
500 _aAt head of title: Home Office.
504 _aIncludes bibliography (p. 229) and index.
650 0 _aRecidivists
_zGreat Britain.
_915981
700 1 _aChayen, Edna,
_ejoint author.
_915982
710 1 _aGreat Britain.
_bHome Office.
_915983
942 _2ddc
_cBK
999 _c5076
_d5076